Indikátory kvality nemocníc ako jedna z možností hodnotenia výkonnosti nemocníc

Gespeichert in:
Bibliographische Detailangaben
1. Verfasser: Krigovská, Andrea, 1988-
Format: Buchkapitel
Sprache:Slowakisch
Schlagworte:
Tags: Tag hinzufügen
Keine Tags, Fügen Sie das erste Tag hinzu!

MARC

LEADER 00000nla a2200000 4500
001 0215496
005 20240502073608.7
041 0 |a slo 
044 |a SK 
245 1 0 |a Indikátory kvality nemocníc ako jedna z možností hodnotenia výkonnosti nemocníc  |c Andrea Krigovská 
500 |a Abstrakt 
610 2 0 |a nemocnice 
610 2 0 |a kvalita 
610 2 0 |a ukazovatele kvalitatívne 
610 2 0 |a výkonnosť 
100 1 |a Krigovská, Andrea, 1988-